01481pam a2200349 a 4500999001700000001000800017003000400025005001700029008004100046010001700087020001500104040001800119043001200137050002100149082003000170245015700200260007400357300004000431500004100471600005000512600005100562650003100613650003300644650004500677700002000722700004700742710007400789710006100863906004500924942004000969952012201009 c26959d269591981732OSt20170207095247.0890330s1989 caua bc s000 0 eng  a 89032679  a0945486065 aDLCcDLCdDLC ae-gr---00aNK4624.D4D4 198900a738.3/82/09380747949322004aThe Dechter collection of Greek vases /cedited by Kenneth Hamma ; essays and entries by Darrell A. Amyx ... [et al.] ; coordinated by Julius D. Kaplan. aSan Bernardino :bCalifornia State University, San Bernardino,c1989. a86 p. :bill. (some col.) ;c28 cm. aIncludes bibliographical references.10aDechter, AaronxArt collectionsxExhibitions.10aDechter, HanitaxArt collectionsxExhibitions. 0aVases, GreekxExhibitions. 0aVases, AncientxExhibitions. 0aVasesxPrivate collectionsxExhibitions.1 aHamma, Kenneth.1 aAmyx, Darrell A.q(Darrell Arlynn),d1911-2 aCalifornia State University, San Bernardino.bUniversity Art Gallery.2 aCalifornia State University, Northridge.bArt Galleries. a7bcbccorignewd1eocipf19gy-gencatlg 2lcccBOOKShNK4624.D4D4 1989k34507 00102lcc4070aMUCbMUCcTECHd2017-02-07eDonation(BFA)l0oNK4624.D4D4 1989p34507r2018-08-03w2017-02-07yBOOKS